MARC

LEADER 00000nam0a2200000 4500
001 266145
005 20231101233958.0
035 |a (RuTPU)RU\TPU\book\289149 
090 |a 266145 
100 |a 20140703d1986 k y0rusy50 ca 
101 0 |a rus 
102 |a UA 
105 |a a z 001zy 
200 1 |a Методологические аспекты эволюционного учения  |e сборник научных трудов  |f Академия наук Украинской ССР (АН УССР), Институт философии ; под ред. Н. П. Депенчука, В. С. Крисаченко 
210 |a Киев  |c Наукова думка  |d 1986 
215 |a 198 с.  |c ил. 
320 |a Библиография в конце статей 
606 1 |a Естествознание  |x Философские проблемы  |2 stltpush  |3 (RuTPU)RU\TPU\subj\39118  |9 59321 
610 1 |a эволюция 
610 1 |a эволюционное учение 
610 1 |a философские аспекты 
610 1 |a методология 
610 1 |a дарвинизм 
686 |a Ю252:5  |v LBC/SL-A  |2 rubbk 
702 1 |a Депенчук  |b Н. П.  |4 340 
702 1 |a Крисаченко  |b В. С.  |4 340 
712 0 2 |a Академия наук Украинской ССР (АН УССР)  |b Институт философии  |2 stltpush  |3 (RuTPU)RU\TPU\col\12865 
801 1 |a RU  |b 63413507  |c 20140703 
801 2 |a RU  |b 63413507  |c 20151218  |g RCR 
942 |c BK